000 00439nam a2200157Ia 4500
008 210716s2005 xx 000 0 und d
020 _a8129106507
041 _aeng
082 _a658.8 CHAG
100 _aChatterjea, Gautam.
245 _aDirect marketing: vigorous face of interactive marketing.
_bVigorous face of interactive marketing.
250 _a1
260 _aNew Delhi
_bRupa Co
_c2005
300 _a74
650 _aMarketing
999 _c199287
_d199287